Strength of materials / (Record no. 127156)

MARC details
000 -LEADER
fixed length control field 00662nam a22002177a 4500
005 - DATE AND TIME OF LATEST TRANSACTION
control field 20170124110020.0
010 ## - LIBRARY OF CONGRESS CONTROL NUMBER
LC control number B-024065
020 ## - INTERNATIONAL STANDARD BOOK NUMBER
Terms of availability 00.00
035 ## - SYSTEM CONTROL NUMBER
System control number B-024065
037 ## - SOURCE OF ACQUISITION
Source of stock number/acquisition Cen Lib/Ret
040 ## - CATALOGING SOURCE
Original cataloging agency dpl
Language of cataloging EN
082 ## - DEWEY DECIMAL CLASSIFICATION NUMBER
Classification number 620.112
Item number BEL
100 ## - MAIN ENTRY--PERSONAL NAME
Personal name Belyaev, N.M.
9 (RLIN) 72902
245 ## - TITLE STATEMENT
Title Strength of materials /
Statement of responsibility, etc by N.M.Belyaev;translated by N.K.Mehta
260 ## - PUBLICATION, DISTRIBUTION, ETC. (IMPRINT)
Name of publisher, distributor, etc Mir Publishers
Date of publication, distribution, etc 1979
300 ## - PHYSICAL DESCRIPTION
Extent 703p. :
Dimensions 20cm(Hb)
Other physical details ill.
650 ## - SUBJECT ADDED ENTRY--TOPICAL TERM
Topical term or geographic name as entry element Résistance des matériaux -- Problèmes et exercices.
9 (RLIN) 72903
650 ## - SUBJECT ADDED ENTRY--TOPICAL TERM
Topical term or geographic name as entry element Employees -- Rating of -- India.
9 (RLIN) 72904
700 ## - ADDED ENTRY--PERSONAL NAME
Personal name Mehta, N.K.
9 (RLIN) 72905
942 ## - ADDED ENTRY ELEMENTS (KOHA)
Source of classification or shelving scheme Dewey Decimal Classification
Koha item type English Books
Classification part 620.112
Call number suffix BEL
Holdings
Withdrawn status Lost status Damaged status Not for loan Home library Current library Date acquired Source of acquisition Cost, normal purchase price Total Checkouts Full call number Barcode Date last seen Copy number Cost, replacement price Price effective from Koha item type
        Central Library Central Library 27/06/2015 Cen Lib/Ret 0.00   620.112 BEL B-024065 27/06/2015 1 0.00 27/06/2015 English Books

© Delhi Public Library
Hit Counter
free hit counter